| 000 | 01629nam a2200217Ia 4500 | ||
|---|---|---|---|
| 003 | GCL | ||
| 008 | 140319s9999 xx 000 0 ara d | ||
| 040 |
_aGCL / _cGCL |
||
| 082 | 0 | 4 |
_aط _b813.0876 _bج ع |
| 100 | 1 | _aجميل يوسف | |
| 245 | 1 | 0 |
_aالعلوم فى قصص وطرائف ونشاط \ قصة الراعى مجناطس-هوايات العجوز-راينا الذرات-جاليليو والسماء-الصخرة المغناطيسية وارجل الحصان-مباراة فى المغناطيسية-اعادة المباراة فى المغناطيسية-الغطاء المغناطيسى الرهيب-اهل الكواكب يسألون-العاب مغناطيسية-طرائف مغناطيسية-صوت البلبل-بيتهوفن يسمع بالعصا-صوت الاقزام-الباخرة والثلج-ايها الجنود لاتسيروا-حكايات عجيبة عن الصوت-الصياد الصغير-يطبخون بالمرآة-هل تعرف هيرو00؟-بنات الحور والقمر-شمس الشموسة-ضوء وبطولة-الصوت والضوء والفن-بصمات الصوت-العاب بالصوت-جمع البسكويت : _bصفارة الكلب-القصدير يتكلمذ - هوايات العجوز / _cجميل يوسف |
| 250 | _aالاولي | ||
| 260 |
_aالقاهرة : _bدار الكتاب المصرى ، _c1989 |
||
| 300 |
_aمتعدد ؛ _c24 سم |
||
| 490 |
_aالعلوم فى قصص وطرائف ونشاط _v0 |
||
| 650 | 0 | 4 | _aالاطفال |
| 650 | 0 | 4 | _aالقصص |
| 650 | 0 | 4 | _aقصص الاطفال |
| 650 | 0 | 4 | _aالقصص العلمية |
| 942 |
_2ddc _cBK |
||
| 999 |
_c56859 _d56859 |
||